MARC details
| 000 -LEADER |
| fixed length control field |
00961nam a2200229Ia 4500 |
| 003 - CONTROL NUMBER IDENTIFIER |
| control field |
IN-BaIIA |
| 008 - FIXED-LENGTH DATA ELEMENTS--GENERAL INFORMATION |
| fixed length control field |
211028s9999 xx 000 0 eng d |
| 020 ## - INTERNATIONAL STANDARD BOOK NUMBER |
| International Standard Book Number |
3-540-19492-4 |
| 040 ## - CATALOGING SOURCE |
| Transcribing agency |
IIA Library |
| 080 ## - UNIVERSAL DECIMAL CLASSIFICATION NUMBER |
| Universal Decimal Classification number |
524.6(082.2) |
| Item number |
ACT |
| 111 ## - MAIN ENTRY--MEETING NAME |
| Meeting name or jurisdiction name as entry element |
Conference on Active Galactic Nuclei |
| Location of meeting |
Georgia State University, Atlanta, Georgia, USA |
| Date of meeting or treaty signing |
1987 Oct. 28-30 |
| 9 (RLIN) |
16179 |
| 245 #0 - TITLE STATEMENT |
| Title |
Active galactic nuclei |
| Remainder of title |
proceedings of conference on active galactic nuclei, held in Georgia State University, Atlanta, Georgia, USA, 28-30 Oct 1987 |
| Statement of responsibility, etc. |
edited by H. Richard Miller and P. J. Wiita |
| 260 ## - PUBLICATION, DISTRIBUTION, ETC. |
| Place of publication, distribution, etc. |
Berlin |
| Name of publisher, distributor, etc. |
Springer-Verlag |
| Date of publication, distribution, etc. |
1988 |
| 300 ## - PHYSICAL DESCRIPTION |
| Extent |
xi, 438p. |
| 490 ## - SERIES STATEMENT |
| Series statement |
Lecture notes in physics; v. 307 |
| 650 ## - SUBJECT ADDED ENTRY--TOPICAL TERM |
| Topical term or geographic name entry element |
Active galactic nuclei |
| 9 (RLIN) |
6209 |
| 650 ## - SUBJECT ADDED ENTRY--TOPICAL TERM |
| Topical term or geographic name entry element |
Astronomy and astrophysics thesaurus |
| 650 ## - SUBJECT ADDED ENTRY--TOPICAL TERM |
| Topical term or geographic name entry element |
Galactic nuclei |
| 9 (RLIN) |
3453 |
| 700 ## - ADDED ENTRY--PERSONAL NAME |
| Personal name |
Richard Miller, H., ed. |
| 9 (RLIN) |
16180 |
| 700 ## - ADDED ENTRY--PERSONAL NAME |
| Personal name |
Wiita, P. J., ed. |
| 9 (RLIN) |
16181 |
| 942 ## - ADDED ENTRY ELEMENTS (KOHA) |
| Koha item type |
Books |